"Nie je to sranda" Po premiérových skusoch na majstrovstvách Európy tvrdí šestica tenisových veteránov

Podrobná bibliografia
Hlavný autor: Karabinošová, Daniela (Autor)
Médium: Článok
Jazyk:slovenčina
Fyzický popis:1 foto
Predmet:

MARC

LEADER 00000nab a2200000 a 4500
001 vtls000898511
003 SK-MaSNL
005 20260303233653.0
008 040720e19980729xo 0 slo
035 |a KE7518 
040 |a KEVKJB  |b slo  |c KEVKJB  |e AACR2 
041 0 |a slo 
044 |a xo  |c SK 
080 |a 796.342  |2 1981 
100 1 |a Karabinošová, Daniela  |4 aut  |9 879092 
245 1 0 |a "Nie je to sranda"  |b Po premiérových skusoch na majstrovstvách Európy tvrdí šestica tenisových veteránov 
300 |b 1 foto 
611 1 7 |a majstrovstvá Európy  |2 KEVKJB  |9 877639 
650 0 7 |a tenis  |2 KEVKJB  |9 3293 
650 0 7 |a tenisti  |2 KEVKJB  |9 30422 
650 0 7 |a reprezentácia (šport)  |2 KEVKJB  |9 53655 
650 0 7 |a informácie  |2 KEVKJB  |9 1285 
651 7 |a Košice (Slovensko)  |2 KEVKJB  |9 18694 
651 7 |a KE,  |2 KEVKJB  |9 877256 
655 7 |a periodikum  |2 snkbucl  |9 29553 
773 0 8 |t Košický večer  |g Roč. 9  |g Roč. 30, č.144, 29.7.1998, s. 11 
852 |a ZVYKNI  |b KIS3GCP 
999 |c 2516401  |d 2518331